| 000 | 00617nam a22002057a 4500 | ||
|---|---|---|---|
| 003 | OSt | ||
| 005 | 20180319140221.0 | ||
| 008 | 160413b xxu||||| |||| 00| 0 eng d | ||
| 020 | _a0131918567 | ||
| 040 | _cDDC. | ||
| 082 | _a658.421ZIM 2005. | ||
| 100 |
_aZimmerer,Thomas; Scarborough,M.Norman; _97810 |
||
| 245 | _aEssentials of Entrepreneurship and Small Management. | ||
| 250 | _a4th ed. | ||
| 260 |
_aNew Jersey; _bPearson Prentice Hall, _c2005. |
||
| 300 |
_axiv,578p; _bcol,ill; _c30cm |
||
| 504 | _aAppendix, End notes and index are included, | ||
| 650 |
_aBusiness Management. _96027 |
||
| 942 |
_2ddc _cSLOAN |
||
| 999 |
_c3491 _d3491 |
||